| 000 | 00776nam a2200253 a 4500 | ||
|---|---|---|---|
| 999 |
_c7770 _d7770 |
||
| 001 | 4195 | ||
| 003 | BD-DhUAP | ||
| 005 | 20210201113510.0 | ||
| 008 | 200212r19881985nyu enk b 001 0 eng d | ||
| 020 | _a0521305314 | ||
| 020 | _a0521318777 | ||
| 040 |
_aBD-DhUAP _cBD-DhUAP _dBD-DhUAP _bEng |
||
| 082 | 0 | 0 |
_a400 YUL _223 |
| 100 | 1 | _aYule, George. | |
| 245 | 1 | 4 |
_aThe study of language : _ban introduction / _cGeorge Yule. |
| 260 |
_aNew York : _bCambridge University Press, _cc1985 [Reprinted 1988]. |
||
| 300 |
_a218 pages ; _c24 cm. |
||
| 504 | _aIncludes bibliographical references (p. 261-285) and index. | ||
| 650 | 0 | _aLanguage and languages | |
| 650 | 0 | _aLinguistics. | |
| 942 | 0 | 0 |
_04 _2ddc _cBK |